000 00703nam a2200253Ia 4500
003 OSt
005 20221006143742.0
006 a|||||r|||| 00| 0
007 ta
008 221006b |||||||| |||| 00| 0 eng d
020 _cP37.50
024 _a9,857
037 _cTextual
040 _aEASL
_cEASL
_beng
041 _2eng
_aeng
082 _aX8(A):8.495, N6
100 _aCHOI Youngrak
_9512268
245 0 _aDynamic techno-management capability
_b The case of samsung semiconductor sector in korea
260 _aAldershot
_bAvebury
_c1996
300 _a240p.
_ccm.
490 _v Oth
942 _hX8(A):8.495, N6
_cTEXL
_2CC
999 _c1077943
_d1077943